MARC

LEADER 00000nam0a2200000 4500
001 327965
005 20231102004019.0
035 |a (RuTPU)RU\TPU\book\353654 
090 |a 327965 
100 |a 20170208d1972 m y0rusy50 ca 
101 0 |a rus 
102 |a RU 
105 |a a j 001zy 
200 1 |a Антенно-фидерные устройства  |e учебник  |f Г. Н. Кочержевский 
210 |a Москва  |c Связь  |d 1972 
215 |a 471 с.  |c ил. 
320 |a Библиогр.: с. 467-471 
606 1 |a Антенно-фидерные устройства  |x Совместимость электромагнитная  |2 stltpush  |3 (RuTPU)RU\TPU\subj\29133  |9 52530 
610 1 |a элементарные излучатели 
610 1 |a вибраторы 
610 1 |a параметры 
610 1 |a Земля 
610 1 |a диаграммы 
610 1 |a вращающееся поле 
610 1 |a диапазоны 
610 1 |a УКВ 
610 1 |a антенные решетки 
610 1 |a учебники 
675 |a 621.396.697(075.8)  |v 4 
700 1 |a Кочержевский  |b Г. Н.  |g Георгий Николаевич 
801 1 |a RU  |b 63413507  |c 20170208 
801 2 |a RU  |b 63413507  |c 20170213  |g RCR 
942 |c BK